Представление документа в формате RUSMARC

Поле Инд. ПП Название Значение
Тип записи a
Библиографический уровень a
001 Контрольный номер 300e220ae4254d03ba21ecd5f9d79106
005 Дата корректировки 20230619142610.4
100 a Данные общей обработки 20230302 ||| 0rusy0189 ca
101 0_ a Язык текста rus
102 a Страна публикации RU
200 1_ f Первые сведения об ответственности Н.А. Чернядьева
a Заглавие Новеллы в международно-правовом обеспечении экологической безопасности в Европейском союзе
b Общее обозначение материала Текст
203 a Вид содержания Текст : электронный
210 1_ d Дата издания 2023
300 a Общие примечания Чтение статьи доступно в Источнике
336 a Примечание о виде электронного ресурса PDF
461 _0 1 2000
a Российское правосудие
463 _0 1 2000
a № 2
b Электронный ресурс
v С. 54-59
1 2101
d 2023
1 0014f30955a52c44ea282a6911cf77049f3
606 a Основная рубрика Право. Юридические науки
x Основная подрубрика Международное право. Право отдельных стран
x Основная подрубрика Европейский Союз
610 0_ a Ключевые слова ЭКОЛОГИЯ
a Ключевые слова БЕЗОПАСНОСТЬ ЭКОЛОГИЧЕСКАЯ
a Ключевые слова УСТОЙЧИВОЕ РАЗВИТИЕ
a Ключевые слова РГУП.
700 _1 a Фамилия Чернядьева
b Имя Н.А.
801 _0 a Страна RU
b Организация РГУП
c Дата составления 20230302
g Правила каталогизации PSBO
801 _1 a Страна RU
b Организация РГУП
c Дата составления 20230302
g Правила каталогизации PSBO
901 t Тип документа b
w Контрольный № источника 4f30955a52c44ea282a6911cf77049f3
905 a Дата ввода 20230302